000 00592nam a2200241Ia 4500
003 OSt
005 20221005123116.0
006 a|||||r|||| 00| 0
007 ta
008 221004b |||||||| |||| 00| 0 tam d
024 _a48872
037 _cTextual
040 _aCRL
_cCRL
_btam
041 _2tam
_atam
082 _aO31,1NVA3x, M41
100 _aVairamuttu
_9631479
245 0 _aKodimaratlil voorakkam
260 _c1984
300 _a96
_ccm.
650 _aTAMIL POETRY
942 _hO31,1NVA3x, M41
_cTEXL
_2cc
999 _c1046384
_d1046384